Play by Initials Quiz Stats

 Plays Quiz not verified by Sporcle

Challenge
Share
Tweet
Embed
Score 0/26 Timer 09:00
0 Plays Today
Initials Title of Play % Correct
WAoVW? by E.A.Who's Afraid of Virginia Woolf?
87.8%
DoaS by A.M.Death of a Salesman
85.7%
P by G.B.S.Pygmalion
85.7%
TMoV by W.S.The Merchant of Venice
81.6%
WfG by S.B.Waiting for Godot
77.6%
TIoBE by O.W.The Importance of Being Earnest
77.6%
AWTEW by W.S.All's Well That Ends Well
69.4%
LDJiN by E.O'N.Long Day's Journey into Night
69.4%
OtK by S.Oedipus the King
67.3%
ADH by H.I.A Doll's House
65.3%
CoaHTR by T.W.Cat on a Hot Tin Roof
58.3%
ASND by T.W.A Streetcar Named Desire
57.1%
OT by T.W.Our Town
57.1%
Initials Title of Play % Correct
NE/HC by J-P.S.No Exit / Huis Clos
49%
AVFtB by A.M.A View From the Bridge
47.2%
L by ALysistrata
47.2%
MCahC by B.B.Mother Courage and her Children
46.9%
TJoM by C.M.The Jew of Malta
38.8%
TII by M.The Imaginary Invalid
32.7%
SCiSoaA by L.P.Six Characters in Search of an Author
30.6%
AIC by J.B.P.An Inspector Calls
30.6%
RaGAD by T.S.Rosencrantz and Guildenstern Are Dead
30.6%
TCO by A.C.The Cherry Orchard
28.6%
TC by H.P.The Caretaker
28.6%
BW by F.G.L.Blood Wedding
20.4%
THB by A.B.The History Boys
16.3%

You're not logged in!

Compare scores with friends on all Sporcle quizzes.
Join for Free
OR
Log In

You Might Also Like...

Show Comments

Extras

Top Quizzes Today


Score Distribution

Your Account Isn't Verified!

In order to create a playlist on Sporcle, you need to verify the email address you used during registration. Go to your Sporcle Settings to finish the process.

Report this User

Report this user for behavior that violates our Community Guidelines.

Details: